Democratic Republic of the Congo : financial system stability assessment.

Bibliographic Details
Format: eBook
Language:English
Published: Washington, District of Columbia : International Monetary Fund, 2014.
Series:IMF country report ; Number 14/315.
Subjects:
Online Access:Click to View
LEADER 01953nam a2200445 i 4500
001 EBC1868521
003 MiAaPQ
005 20200520144314.0
006 m o d |
007 cr cnu||||||||
008 141219t20142014dcu o 000 0 eng d
020 |z 9781484394779 
020 |a 9781498327251  |q (electronic bk.) 
035 |a (MiAaPQ)EBC1868521 
035 |a (Au-PeEL)EBL1868521 
035 |a (CaPaEBR)ebr10990909 
035 |a (CaONFJC)MIL664616 
035 |a (OCoLC)897070417 
040 |a MiAaPQ  |b eng  |e rda  |e pn  |c MiAaPQ  |d MiAaPQ 
043 |a f-cg--- 
050 4 |a HC591.C6  |b .D466 2014 
082 0 |a 309.1675  |2 23 
245 0 0 |a Democratic Republic of the Congo :  |b financial system stability assessment. 
264 1 |a Washington, District of Columbia :  |b International Monetary Fund,  |c 2014. 
264 4 |c 2014 
300 |a 1 online resource (63 pages). 
336 |a text  |2 rdacontent 
337 |a computer  |2 rdamedia 
338 |a online resource  |2 rdacarrier 
490 1 |a IMF Country Report ;  |v Number 14/315 
588 |a Description based on online resource; title from PDF title page (ebrary, viewed December 19, 2014). 
590 |a Electronic reproduction. Ann Arbor, MI : ProQuest, 2015. Available via World Wide Web. Access may be limited to ProQuest affiliated libraries. 
650 0 |a Financial institutions  |z Congo (Democratic Republic) 
651 0 |a Congo (Democratic Republic)  |x Economic conditions. 
651 0 |a Congo (Democratic Republic)  |x Economic policy. 
655 4 |a Electronic books. 
776 0 8 |i Print version:  |t Democratic Republic of the Congo : financial system stability assessment.  |d Washington, District of Columbia : International Monetary Fund, c2014   |h 61 pages   |k IMF country report ; Number 14/315.  |z 9781484394779 
797 2 |a ProQuest (Firm) 
830 0 |a IMF country report ;  |v Number 14/315. 
856 4 0 |u https://ebookcentral.proquest.com/lib/matrademy/detail.action?docID=1868521  |z Click to View